Quiz sul Bahrain - Statistics

Statistiche generali
  • Questo quiz è stato fatto 363 volte
  • Il punteggio medio è 14 su 21
Statistiche sulle risposte
Hint Risposta % Corretto
Lingua ufficiale Arabo
98%
Nazione con bandiera simile:
Qatar
97%
Il Bahrain è collegato con un ponte a questo Paese Arabia Saudita
92%
Maggiore esportazione del Paese Petrolio
90%
Paese europeo dal quale il Bahrain ha ottenuto l'indipendenza nel 1971 Regno Unito
89%
Nome di uno dei Paesi asiatici più piccoli di Bahrain Maldive | Singapore
82%
Quello che le donne possono fare dal 2002 Votare
82%
Corpo d'acqua in cui si trova il Bahrain Golfo Persico
79%
Capitale del Bahrain Manama
76%
Solo lo 0.78% del Bahrain è ricoperto da queste Foreste
74%
Bahrain ha la terza più alta _____ di popolazione di ogni altro Paese Densità
66%
La maggioranza degli abitanti del Bahrain professa questa branca dell'Islam Sciita
66%
Leader religioso che ha invaso il Bahrain nel 624 d.C. Maometto
63%
Serie di proteste che hanno ispirato la rivolta del Bahrein del 2011 Primavere Arabe
57%
Vecchio albero che cresce nel deserto senza apparente fonte d'acqua Albero della {Vita}
55%
Prima del XX secolo, questi preziosi prodotti marini erano la principale esportazione del Bahrain Perle
51%
Moneta del Bahrain {Dinaro} del Bahrein
50%
Bahrain è stato il primo paese arabo ad ospitare questo campionato Formula Uno
46%
L'orice, un tipo di _____, è l'animale nazionale del Bahrain (anche se è stato cacciato fino all'estinzione) Antilope
39%
Il Bahrain originariamente ne aveva 33, ma grazie agli sforzi di bonifica ora ne ha 84 Isole
31%
Piccola isola artificiale condivisa dal Bahrain e da quel paese {Passport} Island
19%
Nessun quiz corrispondente trovato
Distribuzione punteggi
Percentuale di utenti per punteggio
Percentile per numero di risposta
I tuoi punteggi nel tempo
Non hai fatto questo quiz